Statistics for Little House Books

Click here to take the quiz!

General Stats

  • This quiz has been taken 19 times
  • The average score is 7 of 9

Answer Stats

#Tiltle% Correct
1Little House In The Big Woods
100%
3Little House on The Prairie
94%
2Farmer Boy
83%
6The Long Winter
78%
9The First Four Years
67%
8These Happy Golden Years
67%
7Little Town on the Prairie
61%
4On the Banks of Plum Creek
61%
5By the Shores of Silver Lake
56%

Score Distribution

Percentile by Number Answered

Percent of People with Each Score

Your Score History

You have not taken this quiz